000 00835cam a22002533a 4500
001 14798
003 PGUSA
005 20140828083321.0
008 050125s2005||||xxu|||||s|||||000 | eng d
040 _aPGUSA
_beng
042 _adc
050 4 _aHD
100 1 _aClark, Sue Ainslie
245 1 0 _aMaking Both Ends Meet :
_bThe income and outlay of New York working girls
_h[electronic resource] /
_cSue Ainslie Clark
260 _bProject Gutenberg,
_c2005
506 _aPublic domain in the USA.
516 _aElectronic text
653 _aWomen -- Employment -- New York (State) -- New York
653 _aCost and standard of living -- New York (State) -- New York
653 _aWages -- New York (State) -- New York
830 0 _aProject Gutenberg
_v14798
856 4 0 _uhttp://www.gutenberg.org/ebooks/14798
942 _cEB
999 _c244053
_d244053